000 00355nam a2200145 i 4500
001 bg
100 1 _aBańka, Józef
_d(1934- ).
245 0 _aProblemy współczesnej filozofii człowieka /
_cJózef Bańka.
260 _aKatowice,
_c1978.
040 _cBPK
041 _apol
080 _a14
942 _cKS
008 s pl f |000 0 pol
999 _c18482
_d18482
856 _uhttp://koha.tu.koszalin.pl/cgi-bin/koha/opac-detail.pl?biblionumber=18482
_yKatalog online BPK